ბათუმის შოთა რუსთაველის სახელმწიფო უნივერსიტეტის ბიბლიოთეკა

მდგმური. (ბიბ.ჩანაწერი № 44029)

000 -LEADER
fixed length control field 00709nam a2200217Ia 4500
001 - CONTROL NUMBER
control field 10780
003 - CONTROL NUMBER IDENTIFIER
control field GE_BSU
008 - FIXED-LENGTH DATA ELEMENTS--GENERAL INFORMATION
fixed length control field 181216s||||||||xx |||||||||||||| ||und||
040 ## - CATALOGING SOURCE
Transcribing agency GE_BSU
080 ## - UNIVERSAL DECIMAL CLASSIFICATION NUMBER
Universal Decimal Classification number 821.353.1-31+821.353.1-32
100 ## - MAIN ENTRY--PERSONAL NAME
Personal name ქარჩხაძე,ჯემალ.
245 ## - TITLE STATEMENT
Title მდგმური.
245 ## - TITLE STATEMENT
Remainder of title რომანი,მოთხრობები.
245 ## - TITLE STATEMENT
Statement of responsibility, etc. რედ.შაიშმელაშვილი; მხატვ.ო.ჯიშკარიანი.
260 ## - PUBLICATION, DISTRIBUTION, ETC.
Place of publication, distribution, etc. თბილისი.
260 ## - PUBLICATION, DISTRIBUTION, ETC.
Name of publisher, distributor, etc. საბჭ.საქართველო.
260 ## - PUBLICATION, DISTRIBUTION, ETC.
Date of publication, distribution, etc. 1986.
300 ## - PHYSICAL DESCRIPTION
Extent 478გვ;20სმ.
653 ## - INDEX TERM--UNCONTROLLED
Uncontrolled term მდგმური.
942 ## - ADDED ENTRY ELEMENTS (KOHA)
Koha item type წიგნი
ეგზემპლარები
Withdrawn status Lost status Damaged status Not for loan Date acquired Barcode Date last seen Price effective from Koha item type
        2018-12-17 35247 2018-12-17 2018-12-17 წიგნი
        2018-12-17 35248 2018-12-17 2018-12-17 წიგნი